Music Quiz

Random Music or Album Quiz

The Complete Paul McCartney Part 1 Quiz Stats

 Plays Quiz not verified by Sporcle

Score 0/286 Timer 20:00
0 Plays Today
Album Song % Correct
Band on the RunBand on the Run
94.9%
Band on the RunJet
91.2%
Red Rose SpeedwayMy Love
88.6%
RamUncle Albert-Admiral Halsey
87.6%
RamRam On
87%
McCartneyMaybe I'm Amazed
86.3%
Venus and MarsVenus and Mars
86.2%
RamRam On (Reprise)
84.9%
Band on the RunPicasso's Last Words (Drink to Me)
84.7%
RamToo Many People
83.2%
McCartneyThe Lovely Linda
82.8%
Band on the RunNineteen Hundred and Eighty-Five
82.6%
Wings Over America (Continued)Band On The Run
82.6%
Wings GreatestBand On The Run
82.3%
Band on the RunBluebird
82%
Wings Over AmericaVenus and Mars-Rock Show-Jet
81.9%
Band on the RunMamunia
81%
Non Album Singles, B-Sides and Compilation Tracks 1971-74Another Day
80.9%
Wild LifeBip Bop
80.3%
McCartneyThat Would Be Something
80%
Band on the RunLet Me Roll It
80%
Venus and MarsVenus and Mars (Reprise)
79.9%
Wings GreatestJet
79.9%
Non Album Singles, B-Sides and Compilation Tracks 1971-74Hi, Hi, Hi
79.7%
Wings Over AmericaMaybe I'm Amazed
79.6%
Wings GreatestMy Love
79.4%
Give My Regards to Broad StreetSilly Love Songs
79.4%
Wings Over America (Continued)My Love
79.1%
McCartneyJunk
79%
RamDear Boy
78.8%
Wild LifeWild Life
78.4%
Wings GreatestSilly Love Songs
78.4%
Wings GreatestUncle Albert-Admiral Halsey
78.2%
RamThe Back Seat Of My Car
78.1%
Wings at the Speed of SoundSilly Love Songs
78.1%
Band on the RunMrs Vandebilt
77.6%
Non Album Singles, B-Sides and Compilation Tracks 1971-74Helen Wheels
77.6%
Wings GreatestLet 'Em In
77.6%
Wings Over America (Continued)Silly Love Songs
77.2%
Wings at the Speed of SoundLet 'Em In
76.9%
ThrillingtonBack Seat Of My Car
76.9%
ThrillingtonUncle Albert-Admiral Halsey
76.4%
RamEat At Home
76.1%
Wings Over AmericaLet Me Roll It
75.7%
Wings Over America (Continued)Listen to What the Man Said
75.6%
McCartneyEvery Night
75.5%
ThrillingtonRam On
75.5%
Concerts for the People of KampucheaComing Up
75.5%
Give My Regards to Broad StreetSilly Love Songs (reprise)
75.5%
McCartney IIComing Up
75.4%
RamMonkberry Moon Delight
75.2%
Wings GreatestHi, Hi, Hi
75.2%
Wings GreatestAnother Day
75.2%
Wings Over AmericaBluebird
75.1%
RamHeart Of The Country
75%
Venus and MarsRock Show
74.9%
Pipes of PeacePipes of Peace
74.6%
Wings Over AmericaLive And Let Die
74.5%
Tug of WarTug of War
74.3%
McCartneyTeddy Boy
74%
ThrillingtonToo Many People
74%
Wings Over America (Continued)Let 'Em In
73.9%
McCartneyMan We Was Lonely
73.7%
Non Album Singles, B-Sides and Compilation Tracks 1971-74Junior's Farm
73.6%
Wings GreatestWith A Little Luck
73.4%
Wings GreatestLive and Let Die
73.1%
Wild LifeDear Friend
73%
McCartneyHot as Sun-Glasses
72.6%
Non Album Singles, B-Sides and Compilation Tracks 1977-85Mull of Kintyre
72.5%
London TownLondon Town
72.5%
Venus and MarsListen to What the Man Said
72.4%
Wings GreatestJunior's Farm
72.1%
Non Album Singles, B-Sides and Compilation Tracks 1977-85Coming Up (Live at Glasgow) (B-Side of Coming Up)
72%
RamLong Haired Lady
71.8%
Concerts for the People of KampucheaEvery Night
71.6%
Ram3 Legs
71.5%
Wings Over America (Continued)Hi Hi Hi
71.4%
Tug of WarEbony And Ivory
71.3%
ThrillingtonHeart Of The Country
70.9%
ThrillingtonDear Boy
70.8%
Thrillington3 Legs
70.6%
Pipes of PeaceSay Say Say
70.6%
Red Rose SpeedwayBig Barn Bed
70.4%
Wings Over AmericaPicasso's Last Words (Drink to Me)
70.4%
Wings GreatestMull of Kintyre
70.3%
Give My Regards to Broad StreetNo More Lonely Nights (playout version)
70.1%
Band on the RunNo Words
70%
Red Rose SpeedwayLittle Lamb Dragonfly
69.8%
Non Album Singles, B-Sides and Compilation Tracks 1971-74Mary Had a Little Lamb
69.7%
McCartneySingalong Junk
69.6%
Non Album Singles, B-Sides and Compilation Tracks 1971-74C Moon (B-Side of Hi, Hi, Hi)
69.6%
ThrillingtonEat At Home
68.9%
ThrillingtonMonkberry Moon Delight
68.4%
London TownWith A Little Luck
68.4%
Venus and MarsMagneto and Titanium Man
68.1%
McCartneyValentine Day
67.9%
Album Song % Correct
RamSmile Away
67.1%
Give My Regards to Broad StreetNo More Lonely Nights (ballad)
67.1%
Pipes of PeaceThe Man
66.6%
Give My Regards to Broad StreetNo More Lonely Nights (ballad reprise)
66.5%
Non Album Singles, B-Sides and Compilation Tracks 1977-85Ebony and Shaft (Funky version) (B-Side of Ebony And Ivory)
66%
Non Album Singles, B-Sides and Compilation Tracks 1971-74Give Ireland Back to the Irish
65.4%
Wings Over AmericaSpirits Of Ancient Egypt
65.3%
ThrillingtonLong Haired Lady
65.3%
McCartney IITemporary Secretary
65.3%
Venus and MarsLetting Go
65.1%
Wings Over AmericaMedicine Jar
65%
McCartneyMomma Miss America
64.9%
Wings Over America (Continued)Magneto And The Titanium Man
64.8%
Wings Over America (Continued)Letting Go
64.5%
Wild LifeLove Is Strange
64.4%
Venus and MarsSpirits Of Ancient Egypt
64.4%
McCartneyKreen-Akrore
64.2%
Wild LifeMumbo
64.1%
Wings Over America (Continued)Yesterday
63.6%
Wings at the Speed of SoundCook Of The House
63.2%
Venus and MarsMedicine Jar
63%
ThrillingtonSmile Away
63%
McCartney IIWaterfalls
62.9%
Red Rose SpeedwayGet on the Right Thing
62.7%
Red Rose SpeedwayMedley: Hold Me Tight-Lazy Dynamite-Hands of Love-Power Cut
62.6%
McCartneyOo You
62%
Red Rose SpeedwayLoup (1st Indian on the Moon)
61.4%
Tug of WarTake It Away
61.4%
Give My Regards to Broad StreetYesterday
60.9%
Wings Over America (Continued)Soily
60.7%
Venus and MarsYou Gave Me the Answer
60.5%
Wings Over AmericaBlack Bird
60.5%
Venus and MarsCall Me Back Again
60.3%
Wings Over America (Continued)You Gave Me The Answer
60.2%
Wings Over AmericaThe Long And Winding Road
59.9%
Give My Regards to Broad StreetBallroom Dancing
59.9%
Venus and MarsLove In Song
59.7%
Non Album Singles, B-Sides and Compilation Tracks 1977-85Goodnight Tonight
59.3%
Give My Regards to Broad StreetThe Long and Winding Road
59.3%
London TownMorse Moose and the Grey Goose
59.1%
Pipes of PeaceSo Bad
58.7%
Red Rose SpeedwaySingle Pigeon
58.2%
Tug of WarBallroom Dancing
58.2%
Venus and MarsTreat Her Gently-Lonely Old People
58.1%
Wings at the Speed of SoundWino Junko
57.9%
Wings Over AmericaCall Me Back Again
57.7%
Venus and MarsCrossroads Theme
57.5%
Wings Over AmericaI've Just Seen A Face
56.7%
Non Album Singles, B-Sides and Compilation Tracks 1971-74Sally G (B-Side of Junior's Farm)
56%
Non Album Singles, B-Sides and Compilation Tracks 1977-85Girls' School (B-Side of Mull of Kintyre)
55.4%
Non Album Singles, B-Sides and Compilation Tracks 1971-74Little Woman Love (B-Side of Mary Had a Little Lamb)
54.9%
Tug of WarWanderlust
54.8%
Wings Over AmericaLady Madonna
54.4%
Wings Over AmericaRichard Cory
54.2%
Give My Regards to Broad StreetEleanor Rigby
54.1%
Give My Regards to Broad StreetWanderlust
54.1%
Wild LifeTomorrow
53.6%
Wings Over America (Continued)Go Now
53.6%
Back to the EggArrow Through Me
53.6%
Back to the EggOld Siam, Sir
53.2%
Non Album Singles, B-Sides and Compilation Tracks 1971-74Oh Woman, Oh Why (B-Side of Another Day)
53%
Give My Regards to Broad StreetSo Bad
53%
Back to the EggGetting Closer
52.9%
Wings Over America (Continued)Beware My Love
52.8%
Tug of WarHere Today
52.5%
Back to the EggRockestra Theme
51.9%
Wings at the Speed of SoundBeware My Love
51.3%
Tug of WarDress Me Up as a Robber
51%
Wild LifeI Am Your Singer
50.8%
The Family Way1st Movement
50.6%
Tug of WarThe Pound Is Sinking
50.5%
Pipes of PeaceTug Of Peace
50.5%
The Family Way2nd Movement
50.4%
The Family Way5th Movement
50.1%
The Family Way4th Movement
50.1%
The Family Way3rd Movement
50.1%
The Family Way9th Movement
49.9%
The Family Way8th Movement
49.9%
The Family Way6th Movement
49.9%
London TownCafe On The Left Bank
49.9%
McCartney IIFrozen Jap
49.9%
The Family Way13th Movement
49.8%
The Family Way12th Movement
49.8%
The Family Way11th Movement
49.8%
The Family Way10th Movement
49.8%
The Family Way7th Movement
49.8%
Wings at the Speed of SoundWarm And Beautiful
49.3%
Give My Regards to Broad StreetHere, There And Everywhere
49.2%
Wings Over America (Continued)Time To Hide
48.9%
Give My Regards to Broad StreetFor No One
47.4%
Wild LifeBip Bop Link
46.9%
Red Rose SpeedwayWhen The Night
46.6%
Non Album Singles, B-Sides and Compilation Tracks 1977-85Wonderful Christmastime
46.6%
Wild LifeSome People Never Know
46.4%
London TownGirlfriend
46.4%
Red Rose SpeedwayOne More Kiss
46.3%
Album Song % Correct
Non Album Singles, B-Sides and Compilation Tracks 1971-74Country Dreamer (B-Side of Helen Wheels)
46.2%
London TownFamous Groupies
46.2%
Concerts for the People of KampucheaGot to Get You into My Life
46.2%
Wings at the Speed of SoundThe Note You Never Wrote
46%
London TownI've Had Enough
45.9%
Give My Regards to Broad StreetEleanor's Dream
45.3%
Wings at the Speed of SoundTime To Hide
45.1%
Back to the EggReception
44.2%
Non Album Singles, B-Sides and Compilation Tracks 1971-74I Lie Around (B-Side of Live and Let Die)
44%
Non Album Singles, B-Sides and Compilation Tracks 1971-74Walking in the Park with Eloise
44%
Tug of WarWhat's That You're Doing?
44%
London TownI'm Carrying
43.8%
Wings at the Speed of SoundSan Ferry Anne
43.1%
London TownBackwards Traveller
43%
Give My Regards to Broad StreetGood Day Sunshine
43%
Collaborations and Guest Appearances 1976-1982Michael Jackson featuring Paul McCartney - The Girl Is Mine (From Michael Jackson - Thriller)
42.5%
Wings at the Speed of SoundShe's My Baby
42.4%
Non Album Singles, B-Sides and Compilation Tracks 1977-85Daytime Nighttime Suffering (B-Side of Goodnight Tonight)
42.2%
London TownChildren Children
41.8%
Tug of WarGet It
41.8%
Give My Regards to Broad StreetNot Such A Bad Boy
41.8%
Wings at the Speed of SoundMust Do Something About It
41.5%
Back to the EggBaby's Request
41.1%
Non Album Singles, B-Sides and Compilation Tracks 1977-85Spies Like Us (From Spies Like Us Soundtrack)
40.9%
Non Album Singles, B-Sides and Compilation Tracks 1971-74Bridge Over the River Suite (B-Side of Walking in the Park with Eloise)
40.6%
Non Album Singles, B-Sides and Compilation Tracks 1971-74The Mess (live) (B-Side of My Love)
40.5%
London TownCuff Link
40.3%
London TownDeliver Your Children
39.7%
Tug of WarSomebody Who Cares
38.9%
Give My Regards to Broad StreetNo Values
38.6%
Non Album Singles, B-Sides and Compilation Tracks 1971-74Zoo Gang (B-Side of Band on the Run)
38.2%
London TownDon't Let It Bring You Down
37.7%
Non Album Singles, B-Sides and Compilation Tracks 1977-85My Carnival (B-Side of Spies Like Us)
37.6%
Tug of WarBe What You See
37.1%
Pipes of PeaceHey Hey
37.1%
Pipes of PeaceThrough Our Love
37%
Pipes of PeaceKeep Under Cover
36.9%
Non Album Singles, B-Sides and Compilation Tracks 1977-85Suzy And The Red Stripes - Seaside Woman
36.5%
Non Album Singles, B-Sides and Compilation Tracks 1977-85Check My Machine (B-Side of Waterfalls)
36.2%
McCartney IIBogey Music
36.1%
Back to the EggSpin It On
35.8%
Non Album Singles, B-Sides and Compilation Tracks 1977-85Lunchbox-Odd Sox (B-Side of Coming Up)
35.8%
Pipes of PeaceThe Other Me
35.8%
Pipes of PeaceAverage Person
35.5%
Non Album Singles, B-Sides and Compilation Tracks 1977-85Suzy And The Red Stripes - B Side to Seaside
35%
McCartney IISummer's Day Song
34.3%
McCartney IIOne of These Days
34.3%
Give My Regards to Broad StreetCorridor Music
33.8%
McCartney IIOn The Way
33.5%
Back to the EggAfter The Ball - Million Miles
33.1%
Non Album Singles, B-Sides and Compilation Tracks 1977-85Rudolph the Red-Nosed Reggae (B-Side of Wonderful Christmastime)
32.5%
McCartney IIDarkroom
32.5%
McCartney IIFront Parlour
31.9%
Back to the EggWinter Rose-Love Awake
31.6%
Back to the EggAgain And Again And Again
31.5%
Pipes of PeaceSweetest Little Show
31%
London TownName And Address
30.4%
Back to the EggWe're Open Tonight
30.2%
Non Album Singles, B-Sides and Compilation Tracks 1977-85We All Stand Together (From Rupert and the Frog Song Soundtrack)
29.3%
McCartney IINobody Knows
28.6%
Back to the EggThe Broadcast
27.9%
Back to the EggSo Glad to See You Here
27.6%
Back to the EggTo You
25.5%
Non Album Singles, B-Sides and Compilation Tracks 1977-85Rain Clouds (B-Side of Ebony And Ivory)
23.6%
Collaborations and Guest Appearances 1967-1974Ringo Starr with Paul McCartney - Six O'Clock (From Ringo Starr - Ringo)(Piano, synthesizer, Vocals)
20.8%
Non Album Singles, B-Sides and Compilation Tracks 1977-85Ode to a Koala Bear (B-Side of Say Say Say)
20.8%
Non Album Singles, B-Sides and Compilation Tracks 1977-85I'll Give You a Ring (B-Side of Take It Away)
20%
Collaborations and Guest Appearances 1967-1974The Beach Boys with Paul McCartney- Vegetables (From The Beach Boys - Smiley Smile) (Eating Carrots)
19.6%
Collaborations and Guest Appearances 1976-1982George Harrison with Paul McCartney - All Those Years Ago (From George Harrison - Somewhere In England) (Vocals)
19.5%
Non Album Singles, B-Sides and Compilation Tracks 1971-74Live and Let Die (From Live and Let Die (soundtrack))
16.5%
Collaborations and Guest Appearances 1967-1974Bonzo Dog Doo Dah Band with Paul McCartney - I'm the Urban Spaceman (From Bonzo Dog Doo Dah Band - Tadpoles)
14.9%
Collaborations and Guest Appearances 1976-1982Ringo Starr with Paul McCartney - Pure Gold (From Ringo Starr - Ringo's Rotogravure)(vocals)
14.9%
Non Album Singles, B-Sides and Compilation Tracks 1977-85John Williams - Paul McCartney's Theme (From The Honorary Consul Soundtrack)
13.8%
Collaborations and Guest Appearances 1967-1974Steve Miller Band with Paul McCartney - My Dark Hour (From Steve Miller Band - Brave New World) (Bass, Drums, Vocals)
12.3%
Collaborations and Guest Appearances 1967-1974Carly Simon with Paul McCartney - Night Owl (From Carly Simon - No Secrets) (Vocals)
9.9%
Collaborations and Guest Appearances 1967-1974James Taylor with Paul McCartney- Carolina in My Mind (From James Taylor - James Taylor) (Bass)
8.4%
Collaborations and Guest Appearances 1976-1982Ringo Starr with Paul McCartney - Attention (From Ringo Starr - Stop and Smell the Roses) (Bass, Piano Vocals)
7.3%
Collaborations and Guest Appearances 1976-1982Denny Laine with Paul and Linda McCartney - Holly Days (Guitars, bass, piano, keyboards, Drums, vocals)
7%
Collaborations and Guest Appearances 1976-1982Ringo Starr with Paul McCartney - Private Property (From Ringo Starr - Stop and Smell the Roses) (Bass, Piano Vocals)
6.3%
Collaborations and Guest Appearances 1967-1974Adam Faith with Paul McCartney - Goodbye (From Adam Faith - I Survive)(synthesizer)
5%
Collaborations and Guest Appearances 1967-1974Ringo Starr with Paul McCartney - You're Sixteen (From Ringo Starr - Ringo)(Kazoo)
3.8%
Collaborations and Guest Appearances 1967-1974Badfinger with Paul McCartney - Rock Of Ages (From Badfinger - Magic Christian Music) (Piano)
3.5%
Collaborations and Guest Appearances 1967-1974Rod Stewart with Paul McCartney - Mine For Me (From Rod Stewart - Smiler) (Vocals)
3.4%
Collaborations and Guest Appearances 1967-1974Mike McGear with Paul McCartney - McGear (bass, guitar, vocals, keyboards)
1.6%
Collaborations and Guest Appearances 1967-1974James Taylor with Paul and Linda McCartney - Rock'n'Roll Is Music Now (From James Taylor - Walking Man)(Vocals)
1%
Collaborations and Guest Appearances 1976-1982Denny Laine and Wings - Send Me The Heart (From Denny Laine - Japanese Tears) (bass, keyboards, guitar, percussion, vocals)
0.7%
Collaborations and Guest Appearances 1976-1982Ringo Starr with Paul McCartney - Sure To Fall (From Ringo Starr - Stop and Smell the Roses) (Bass, Piano Vocals)
0.7%
Collaborations and Guest Appearances 1976-1982Laurence Juber with Wings - Maisie (From Laurence Juber - Straight Time) (Bass)
0.6%
Collaborations and Guest Appearances 1976-1982The Scaffold with Wings - Liverpool Lou (From The Scaffold - Sold Out)
0.6%
Collaborations and Guest Appearances 1976-1982Denny Laine and Wings - Weep For Love (From Denny Laine - Japanese Tears) (bass, keyboards, guitar, percussion, vocals)
0.6%
Collaborations and Guest Appearances 1967-1974Adam Faith with Paul McCartney - Change (From Adam Faith - I Survive)(synthesizer)
0.2%
Collaborations and Guest Appearances 1967-1974Adam Faith with Paul McCartney - Never Say Goodbye (From Adam Faith - I Survive)(synthesizer)
0.1%
Collaborations and Guest Appearances 1976-1982Roy Harper with Paul and Linda McCartney - One Of Those Days In England (From Roy Harper - Bullinamingvase) (Vocals)
0.1%
Collaborations and Guest Appearances 1967-1974Adam Faith with Paul McCartney - Star Song (From Adam Faith - I Survive)(vocals)
0%

You're not logged in!

Compare scores with friends on all Sporcle quizzes.
OR
Log In

Show Comments

Extras

Top Quizzes Today


Score Distribution

Your Account Isn't Verified!

In order to create a playlist on Sporcle, you need to verify the email address you used during registration. Go to your Sporcle Settings to finish the process.

Report this User

Report this user for behavior that violates our Community Guidelines.

Details: